The noble scholar, jurist, historian


 His Excellency Dr. Abdul Wahhab bin Ibrahim Abu Sulaiman, may Allah have mercy on him.


 He was born in Umm Al-Qura in the year 1356 AH.

التحفة اللطيفة في تاريخ المدينة الشريفة/ (Record no. 644)

MARC details
000 -LEADER
fixed length control field 01536cam a2200325 i 4500
003 - CONTROL NUMBER IDENTIFIER
control field SA-RiAUC
005 - DATE AND TIME OF LATEST TRANSACTION
control field 20240930120742.0
008 - FIXED-LENGTH DATA ELEMENTS--GENERAL INFORMATION
fixed length control field 240929s2008____su g 00010 ara c
020 ## - INTERNATIONAL STANDARD BOOK NUMBER
International Standard Book Number 9789960968179
040 ## - CATALOGING SOURCE
Original cataloging agency SA-MaUQU
Language of cataloging ara
Transcribing agency SA-RiAUC
Description conventions rda
043 ## - GEOGRAPHIC AREA CODE
Geographic area code a-su---
082 04 - DEWEY DECIMAL CLASSIFICATION NUMBER
Classification number 953.122
090 ## - LOCALLY ASSIGNED LC-TYPE CALL NUMBER (OCLC); LOCAL CALL NUMBER (RLIN)
Classification number (OCLC) (R) ; Classification number, CALL (RLIN) (NR) 920.053122
Local cutter number (OCLC) ; Book number/undivided call number, CALL (RLIN) س خ ا
100 1# - MAIN ENTRY--PERSONAL NAME
Personal name السخاوي، محمد بن عبد الرحمن بن محمد،
Dates associated with a name 831-902 هجري
Relator term مؤلف.
245 12 - TITLE STATEMENT
Title التحفة اللطيفة في تاريخ المدينة الشريفة/
Statement of responsibility, etc. تأليف شمس الدين السخاوي المصري المدني ؛ تحقيق صفوان داوودي [ومجموعة آخرون] ؛ مراجعة عبد الرحمن العثيمين [ومجموعة آخرون].
246 30 - VARYING FORM OF TITLE
Title proper/short title تاريخ المدينة الشريفة
250 ## - EDITION STATEMENT
Edition statement الطبعة الأولى.
264 #1 - PRODUCTION, PUBLICATION, DISTRIBUTION, MANUFACTURE, AND COPYRIGHT NOTICE
Place of production, publication, distribution, manufacture المدينة المنورة :
Name of producer, publisher, distributor, manufacturer مركز بحوث ودراسات المدينة المنورة،
Date of production, publication, distribution, manufacture, or copyright notice 2008
300 ## - PHYSICAL DESCRIPTION
Dimensions 24 سم.
336 ## - CONTENT TYPE
Content type term نص
Content type code txt
Source rdacontent
Materials specified كتاب
337 ## - MEDIA TYPE
Media type term بدون وسيط
Media type code n
Source rdamedia
338 ## - CARRIER TYPE
Carrier type term مجلد
Carrier type code nc
Source rdacarrier
440 #0 - SERIES STATEMENT/ADDED ENTRY--TITLE
Title مركز بحوث ودراسات المدينة المنورة
Volume/sequential designation 22
651 #7 - SUBJECT ADDED ENTRY--GEOGRAPHIC NAME
Geographic name المدينة المنورة
General subdivision تاريخ
Source of heading or term aucsh
651 #7 - SUBJECT ADDED ENTRY--GEOGRAPHIC NAME
Geographic name المدينة المنورة
Form subdivision تراجم
Source of heading or term aucsh
700 ## - ADDED ENTRY--PERSONAL NAME
Personal name داوودي, صفوان.
Relator term تحقيق
700 ## - ADDED ENTRY--PERSONAL NAME
Personal name العثيمين, عبدالرحمن.
Relator term مراجع.
942 ## - ADDED ENTRY ELEMENTS (KOHA)
Source of classification or shelving scheme Dewey Decimal Classification
Koha item type Books
Suppress in OPAC No
949 ## - LOCAL PROCESSING INFORMATION (OCLC)
a SA-JeALM
d 240929
u mohamedma123
n 1
Holdings
Withdrawn status Lost status Source of classification or shelving scheme Materials specified (bound volume or other part) Damaged status Not for loan Home library Current library Date acquired Total checkouts Full call number Barcode Date last seen Price effective from Koha item type
    Dewey Decimal Classification المجلد الثاني     DR AbdElwahab Library DR AbdElwahab Library 09/29/2024   920.053122 س خ ا 000000950 09/29/2024 09/29/2024 Books
    Dewey Decimal Classification المجلد الثالث     DR AbdElwahab Library DR AbdElwahab Library 09/29/2024   920.053122 س خ ا 000000951 09/29/2024 09/29/2024 Books
    Dewey Decimal Classification المجلد الرابع     DR AbdElwahab Library DR AbdElwahab Library 09/29/2024   920.053122 س خ ا 000000952 09/29/2024 09/29/2024 Books
    Dewey Decimal Classification المجلدالخامس     DR AbdElwahab Library DR AbdElwahab Library 09/29/2024   920.053122 س خ ا 000000953 09/29/2024 09/29/2024 Books
    Dewey Decimal Classification المجلدالسادس     DR AbdElwahab Library DR AbdElwahab Library 09/29/2024   920.053122 س خ ا 000000954 09/29/2024 09/29/2024 Books
    Dewey Decimal Classification المجلدالسابع     DR AbdElwahab Library DR AbdElwahab Library 09/29/2024   920.053122 س خ ا 000000955 09/29/2024 09/29/2024 Books
    Dewey Decimal Classification المجلدالثامن     DR AbdElwahab Library DR AbdElwahab Library 09/29/2024   920.053122 س خ ا 000000956 09/29/2024 09/29/2024 Books
    Dewey Decimal Classification المجلدالتاسع     DR AbdElwahab Library DR AbdElwahab Library 09/29/2024   920.053122 س خ ا 000000957 09/29/2024 09/29/2024 Books
    Dewey Decimal Classification المجلد الاول     DR AbdElwahab Library DR AbdElwahab Library 07/17/2025   920.053122 س خ ا 000016278 07/17/2025 07/17/2025 Books